000 00822nas a2200277 4500
001 BR9802049
003 BR-BrBNA
005 20231205101008.0
007 ta
008 230509b bl.|||p| |||| 00| 00por d
040 _aBR-BrBNA
_bpor
_cBiblioteca Nacional de Agricultura
041 _a(Pt)
072 _aL70
100 1 _aDel Carlo, R.J.
100 1 _aAndrade Junior, A. de
100 1 _aGalvao, S.R.
245 1 _aComparacao entre o fio de nailon e fio de aco na imobilizacao de fraturas patelares induzidas em caes
650 _aCao
650 _aVeterinaria
650 _aFratura
650 _aOsteossintese
650 _aCirurgia
773 0 _tCiencia Rural (Brazil)
_xISSN 0103-8478
_g(Jan-Mar 1998), v. 28(1) p. 83-87
_wBR9802049
909 _a202311
_bLúcia
_c55
_dLúcia Elande
942 _2AGRIS
_n0
_cANA
999 _c159214
_d159214